Quizzes
Events
Quiz Creation
Community
Videos
Private Events
Remove Ads
Sign In
Join for FREE
Feedback
Dark Mode
Quiz Categories
Sports
Geography
Music
Movies
Television
Just For Fun
Miscellaneous
History
Literature
Language
Science
Gaming
Entertainment
Religion
Holiday
For Kids
Quiz Lab
Recent
Popular Today
Quiz Kudos Today
Editor Picks
Curator Picks
Quizzes by...
Day
Popularity
Type
Ratings
Length
Year
Community
Subscriptions
Recent Discussions
Orange Saloon
Badges
Playlists
Quests
Create
Leaderboards
Showdown
Live 5
Trivia Bingo
Activity
Puzzle Library
Sporcle Events
Private Events
Virtual Trivia
Globe League
Become a Host
Pub Owners
SporcleCon
Opinionation
Our Games
Videos
Blog
Mobile Apps
Partnerships
Remove Ads and Go Orange
Feedback
Gaming
Video Games
Board Games
Card Games
Pokémon
Mario
Nintendo
Minecraft
Console
Toys
Legend of Zelda
Gaming
Video Games
Board Games
Card Games
Pokémon
Mario
Nintendo
Minecraft
Console
Toys
Legend of Zelda
Random Quiz
Search Sporcle
×
Quiz Lab
Quiz Lab
Gaming
Grab Bag
Type in answers that appear in a list
Type in answers that appear in a list
Classic
Best Score? Go Orange.
Final Fantasy XI Grabbag Stats
Can you name the Final Fantasy XI Grabbag elements?
By
FlaringBahamut
20m
100 Questions
204 Plays
204 Plays
204 Plays
Comments
Comments
Give Quiz Kudos
Give Quiz Kudos
-
- Ratings
hide this ad
Replay
Link that replays current quiz
Next Quiz
Link to next quiz in quiz playlist
You Got
0%
They Got
Avg Score
73%
Avg Friend Score
Upgrade to see
Score Distribution
Jump to the score distribution portion of the page
Score
0/100
Timer
20:00
0
Plays Today
Hint
% Correct
Elements
Fire
98.5%
Elements
Wind
98.5%
Elements
Darkness
98.5%
Weapon Types (no ranged or instruments)
Sword
98.5%
Elements
Water
98%
Elements
Light
98%
Jobs
White Mage
98%
Jobs
Black Mage
98%
Elements
Earth
97.5%
Races
Hume
97.1%
Jobs
Warrior
97.1%
Jobs
Thief
97.1%
Jobs
Red Mage
97.1%
Jobs
Monk
96.6%
Jobs
Ninja
96.6%
Elements
Ice
96.1%
Starting Cities
Bastok
96.1%
Dynamis Areas
Dynamis - Bastok
96.1%
Elements
Lightning
95.6%
Races
Tarutaru
95.6%
Jobs
Samurai
95.6%
Jobs
Paladin
95.6%
Jobs
Blue Mage
95.6%
Starting Cities
Windurst
95.1%
Weapon Types (no ranged or instruments)
Staff
95.1%
Dynamis Areas
Dynamis - Windurst
95.1%
Races
Mithra
94.6%
Weapon Types (no ranged or instruments)
Dagger
94.6%
Races
Elvaan
94.1%
Races
Galka
94.1%
Jobs
Dark Knight
94.1%
Summons
Ifrit
94.1%
Starting Cities
San d'Oria
93.6%
Dynamis Areas
Dynamis - San d'Oria
93.6%
Hint
% Correct
Weapon Types (no ranged or instruments)
Katana
93.1%
Weapon Types (no ranged or instruments)
Axe
92.6%
Weapon Types (no ranged or instruments)
Great Sword
92.2%
Weapon Types (no ranged or instruments)
Hand-to-Hand
91.2%
Jobs
Dragoon
91.2%
Jobs
Bard
91.2%
Jobs
Corsair
90.7%
Jobs
Puppetmaster
90.7%
Jobs
Dancer
90.7%
Summons
Shiva
90.2%
Summons
Carbuncle
89.7%
Jobs
Scholar
89.2%
Summons
Titan
89.2%
Jobs
Summoner
88.7%
Jobs
Ranger
88.7%
Weapon Types (no ranged or instruments)
Club
88.2%
Beastmen
Orc
87.3%
Weapon Types (no ranged or instruments)
Great Axe
86.8%
Weapon Types (no ranged or instruments)
Polearm
86.8%
Jobs
Beastmaster
86.8%
Summons
Ramuh
85.3%
Weapon Types (no ranged or instruments)
Scythe
84.8%
Weapon Types (no ranged or instruments)
Great Katana
84.3%
Summons
Leviathan
82.8%
Summons
Fenrir
82.4%
Beastmen
Yagudo
81.4%
Beastmen
Goblin
80.9%
Summons
Diabolos
80.4%
Summons
Garuda
79.4%
Dynamis Areas
Dynamis - Jeuno
77.5%
Beastmen
Quadav
77.5%
Summons
Odin
73.5%
Summons
Alexander
73%
Dynamis Areas
Dynamis - Xarcabard
71.6%
Hint
% Correct
Dynamis Areas
Dynamis - Valkurm
63.7%
Dynamis Areas
Dynamis - Qufim
59.8%
Dynamis Areas
Dynamis - Beaucedine
58.3%
Dynamis Areas
Dynamis - Tavnazia
58.3%
Beastmen
Moblin
55.4%
Dynamis Areas
Dynamis - Buburimu
53.4%
HNMs fought on boss floors in Nyzul Isle Investigation
Cerberus
47.1%
Beastmen
Sahagin
46.6%
Beastmen
Mamool Ja
44.6%
Beastmen
Lamia
43.1%
HNMs fought on boss floors in Nyzul Isle Investigation
Behemoth
42.6%
Beastmen
Troll
42.6%
HNMs fought on boss floors in Nyzul Isle Investigation
Adamantoise
40.7%
HNMs fought on boss floors in Nyzul Isle Investigation
Hydra
40.2%
HNMs fought on boss floors in Nyzul Isle Investigation
Fafnir
39.7%
Beastmen
Tonberry
39.7%
Armor sets collected in Salvage
Ares
37.3%
Beastmen
Antica
33.8%
Armor sets collected in Salvage
Morrigan
33.3%
Beastmen
Gigas
29.9%
Armor sets collected in Salvage
Skadi
28.9%
HNMs fought on boss floors in Nyzul Isle Investigation
Khimaira
28.4%
Beastmen
Qiqirn
27.9%
Armor sets collected in Salvage
Marduk
27%
Armor sets collected in Salvage
Usukane
25%
Aht Urhgan Serpent Generals
Zazarg
22.5%
Aht Urhgan Serpent Generals
Rughadjeen
17.6%
Aht Urhgan Serpent Generals
Mihli
17.6%
Beastmen
Bugbear
15.7%
Aht Urhgan Serpent Generals
Gadalar
14.2%
Beastmen
Poroggo
13.2%
Aht Urhgan Serpent Generals
Najelith
13.2%
Quiz Playlist
Details
Report
Send in Message
Add To Playlist
Classic:
Type in answers that appear in a list
Quiz Source
Last Updated: Feb 16, 2017
Quiz Scoreboard
CHALLENGE
Sign Up to Join the Scoreboard
Show All
Scores
Hide
Comments
May contain spoilers
Recently Published
One Thing in Common: World Cities II
by knightlancer
Geography
7m
Popular People in 1961
by mucciniale
History
6m
1-10 Letter E Words III
by El_Dandy
Language
2m
More to Explore
Quiz From the Vault
Featured Blog Post
Where Did the Easter Bunny Come From?
hide this ad
You Might Also Like...
Tags
Grab Bag Quiz
Fantasy
final
Final Fantasy
Final Fantasy X
Today's Top Quizzes in Gaming
Browse Gaming
hide this ad
Today's Top Quizzes in Grab Bag
Browse Grab Bag
Top Contributed Quizzes in Gaming
1
Destiny 2 exotic weapons by perk icons
2
Who's on the WWE 2K24 Cover?
3
Windmill: Pokémon
4
Overwatch 2 Heroes by Selection Quote
5
Overwatch 2: Ultimate Ability Icons
6
Genshin Impact Logic Puzzle
7
Genshin murder mystery
8
Legendary or Exotic?
9
Overwatch Logic Puzzle
10
Franchise by Action Figure
Explore More
Trending Topics
NBA
Harry Potter
Anime
Kpop
Marvel
Disney
Crossword
NFL
Soccer
Pokémon
Song
Country
Puzzle
WWE
The Office
hide this ad
More By:
FlaringBahamut
Quiz
Plays
Rating
Category
Featured
Created
One Piece Characters Nationalities?
909
4.60
Television
Dec 3, 2011
Final Fantasy Remixed Music
573
4.92
Gaming
Jun 26, 2011
Final Fantasy A-Z (Version 4)
513
4.83
Gaming
Feb 22, 2011
Final Fantasy A-Z (Version 3)
460
5.00
Gaming
Feb 22, 2011
Final Fantasy A-Z (Version 5)
364
4.67
Gaming
Feb 22, 2011
Go to Creator's Profile
Score Distribution
Quiz Creator Spotlight
FlaringBahamut
Follow
Send a Message
Quizzes Created
-
Created Quiz Play Count
-
More By This Creator
Popular Quizzes Today
1
Find the US States - No Outlines Minefield
2
The Countries of the World
3
Find the Countries of Europe - No Outlines Minefield
4
Popular People in 1961
5
1-10 Letter E Words III
6
Find the US States
7
One Thing in Common: World Cities II
8
US States
More Gaming Quizzes
Legendary Pokémon
Curator's Pick
Trending Quizzes
Risky Map Clicking: Least Populous States A-Z
1-10 Letter F Words
1-10 Letter G Words
One Thing in Common: United Kingdom
Risky Map Clicking: Next State Alphabetically
Recently Updated
Leaping Animals
pecheneg
Reality TV Shows (A-Z)
bhenderson79
Rickey Henderson's Hall of Fame Teammates
pecheneg
Champions League XIs: Arsenal
pecheneg
Quick Pick: Celebrities in WWE's Hall of Fame
aduchscher
A-Z Keypad Blitz II
pecheneg
Multiple Oscar Actors
pecheneg
Mystery Phrase Blitz: Oscar 'Best Actors'
pecheneg
F. Scott Fitzgerald Novels
LTH
Pick 3 Villains
ddd62291
Trending Topics
Anime
Harry Potter
NBA
Disney
Crossword
Marvel
Kpop
The Office
Soccer
NFL
Puzzle
Country
WWE
Pokémon
Song
Your Account Isn't Verified!
In order to create a playlist on Sporcle, you need to verify the email address you used during registration. Go to your
Sporcle Settings
to finish the process.
Report this User
Report this user for behavior that violates our
Community Guidelines
.
Details:
Send Report
Go to the Sporcle.com Mobile Site →
Comments